Welcome to WEB OPAC of MRSPTU Central Library

History and architectural remains of Sirhind: the greatest Mughal city on Delhi-Lahore highway (Record no. 5009)

MARC details
000 -LEADER
fixed length control field 00445nam a2200157Ia 4500
008 - FIXED-LENGTH DATA ELEMENTS--GENERAL INFORMATION
fixed length control field 230711s9999||||xx |||||||||||||| ||und||
041 ## - LANGUAGE CODE
Language code of text/sound track or separate title ENG
082 ## - DEWEY DECIMAL CLASSIFICATION NUMBER
Classification number 720
Item number DE-H
100 ## - MAIN ENTRY--PERSONAL NAME
Personal name Parihar,Subhash
245 #0 - TITLE STATEMENT
Title History and architectural remains of Sirhind: the greatest Mughal city on Delhi-Lahore highway
250 ## - EDITION STATEMENT
Edition statement 1st Ed.
260 ## - PUBLICATION, DISTRIBUTION, ETC.
Date of publication, distribution, etc. 2006
Place of publication, distribution, etc. New Delhi
Name of publisher, distributor, etc. Aryan Book International
300 ## - PHYSICAL DESCRIPTION
Extent 258
650 ## - SUBJECT ADDED ENTRY--TOPICAL TERM
Topical term or geographic name entry element Architecture
942 ## - ADDED ENTRY ELEMENTS (KOHA)
Koha item type Book
Holdings
Withdrawn status Lost status Damaged status Not for loan Collection Home library Current library Date acquired Total checkouts Full call number Barcode Date last seen Price effective from Koha item type Date due Date last checked out
          MRSPTU Central Library MRSPTU Central Library     720 DE-H 18450 08/17/2023 08/17/2023 Book    
          MRSPTU Central Library MRSPTU Central Library     720 DE-H 18451 08/17/2023 08/17/2023 Book    
          MRSPTU Central Library MRSPTU Central Library   1 720 DE-H 18452 09/12/2025 08/17/2023 Book 06/03/2026 09/12/2025

Website Designed and Developed by MRSPTU Central Library Team

E-mail Id: librarian@mrsptu.ac.in